header

Representations of culture (Record no. 147283)

MARC details
000 -LEADER
fixed length control field 02196nam a2200445 a 4500
082 04 - DEWEY DECIMAL CLASSIFICATION NUMBER
Classification number 823/.8
100 1# - MAIN ENTRY--AUTHOR NAME
Personal name Zeitler, Michael A.,
245 10 - TITLE STATEMENT
Title Representations of culture
260 ## - PUBLICATION, DISTRIBUTION, ETC. (IMPRINT)
Place of publication New York :
Name of publisher P. Lang,
Year of publication c2007.
300 ## - PHYSICAL DESCRIPTION
Number of Pages 154 p.
505 0# - FORMATTED CONTENTS NOTE
Formatted contents note Introduction: Thomas Hardy, Wessex, and the critics -- The science of culture : anthropology and the creation of Wessex -- Beginnings : descriptions of local culture -- Wessex past and present : primitive and modern in The return of the native -- An experiment in tragic form : anthropological ritual and symbolic representation in Tess of the d'Urbervilles -- Beyond myth : the presence of the past in Jude the obscure.
650 #0 - SUBJECT ADDED ENTRY--TOPICAL TERM
Topical Term Culture in literature.
Topical Term Local history in literature.
Topical Term Manners and customs in literature.
Topical Term Country life in literature.
Topical Term Regionalism in literature.
856 40 - ELECTRONIC LOCATION AND ACCESS
Uniform Resource Identifier http://site.ebrary.com/lib/rucke/Doc?id=10531735

No items available.

© 2026 Rongo University
Contact us: librarian | system librarian | Rongo university